UM Logo

Modeling quality of life of UMDC BSED Math graduates from 2005 - 2014/ (Record no. 2444)

MARC details
000 -LEADER
fixed length control field 00588nam a22001577a 4500
008 - FIXED-LENGTH DATA ELEMENTS--GENERAL INFORMATION
fixed length control field 160513b xxu||||| |||| 00| 0 eng d
082 ## - DEWEY DECIMAL CLASSIFICATION NUMBER
Edition number 2015
Classification number UT 0587
Item number Ar32
100 ## - MAIN ENTRY--PERSONAL NAME
9 (RLIN) 8066
Personal name Arellano, Michelle P.
245 ## - TITLE STATEMENT
Title Modeling quality of life of UMDC BSED Math graduates from 2005 - 2014/
Statement of responsibility, etc. Michelle P. Arellano, Brendo I. Tampus and Gerli T. Albia.
260 ## - PUBLICATION, DISTRIBUTION, ETC. (IMPRINT)
Place of publication, distribution, etc. Digos City:
Name of publisher, distributor, etc. UMDC
Date of publication, distribution, etc. August 2015.
300 ## - PHYSICAL DESCRIPTION
Extent 64 pages;
Dimensions 29.5 cm.
650 #0 - SUBJECT ADDED ENTRY--TOPICAL TERM
9 (RLIN) 8065
Topical term or geographic name as entry element Education
Form subdivision Mathematics
General subdivision Undergraduate thesis.
700 ## - ADDED ENTRY--PERSONAL NAME
9 (RLIN) 8063
Personal name Tampus, Brendo I.
700 ## - ADDED ENTRY--PERSONAL NAME
9 (RLIN) 8064
Personal name Albia, Gerlie T.
942 ## - ADDED ENTRY ELEMENTS (KOHA)
Source of classification or shelving scheme Dewey Decimal Classification
Koha item type Undergraduate Thesis
Holdings
Withdrawn status Lost status Source of classification or shelving scheme Damaged status Not for loan Collection code Home library Current library Date acquired Total Checkouts Full call number Barcode Date last seen Price effective from Koha item type
    Dewey Decimal Classification     Undergraduate Theses UM Digos College - LIC UM Digos College - LIC 05/13/2016   UT 0587 Ar32 2015 UT0587 05/13/2016 05/13/2016 Undergraduate Thesis